Evénements du 2 avril - Statistiques

Statistiques générales
  • Ce quiz a été pris 34 fois
  • Le résultat moyen est 7 sur 15
Statistiques - réponses
Hint Réponse % Correct
Louis X de France devient roi de Navarre 1305
78%
Louis le Pieux prend Barcelone 801
78%
Mort du président Pompidou 1974
74%
Napoléon 1er épouse Marie-Louise d'Autriche 1810
70%
Démission d'Edith Cresson, premier ministre 1992
70%
Signature du traité du Cateau-Cambrésis 1559
63%
Naissance d'Emile Zola 1840
52%
Lancement de Dallas aux Etats-Unis 1978
52%
Débarquement argentin aux Malouines 1982
52%
Création de la symphonie n°1 de Beethoven 1800
37%
Naissance de Léon Gambetta 1838
37%
Création de la Société des Bains de mer de Monaco 1863
33%
1er numéro du journal Les Echos 1908
19%
Naissance de Clément Ader 1941
19%
Naissance de Max Ernst 1891
15%
Aucun quiz correspondant
Distribution des résultats
% des personnes avec chaque résultat
Percentile par nombre de réponses
Votre historique - résultats
Vous n’avez pas pris ce quiz